Conservación en el Caribe colombiano a través de sueños y acciones (Registro nro. 3521)
[ vista simple ]
| 000 -CABECERA | |
|---|---|
| Campo de control | 00536nam a2200169 a 4500 |
| 005 - FECHA Y HORA DE LA ULTIMA TRANSACCION | |
| Campo de control | 20140311162608.0 |
| 008 - ELEMENTOS DE LONGITUD FIJA—INFORMACION GENERAL | |
| Campo de control | 140311b2002 ck ||||| |||| 00| 0 spa d |
| 041 ## - IDIOMA | |
| Código de idioma para texto/pista de sonido o título separado | Español |
| 044 ## - PAÍS DE PUBLICACIÓN | |
| País de publicación | Colombia |
| 090 ## - CLASIFICACIÓN LOCAL | |
| Colección | LB |
| Consecutivo | 03304 |
| 110 ## - ASIENTO PRINCIPAL--NOMBRE CORPORATIVO | |
| Nombre corporativo o de jurisdicción como elemento de entrada | Colombia |
| Unidad subordinad | Sistema de Parques Nacionales Naturales de Colombia |
| 245 ## - MENCION DE TITULO | |
| Título | Conservación en el Caribe colombiano a través de sueños y acciones |
| 260 ## - PUBLICACION, DISTRIBUCION, ETC. (PIE DE IMPRENTA) | |
| Lugar de publicación, distribución, etc. | Santa Marta |
| Nombre del editor, distribuidor, etc. | Sistemas de Parques Nacionales Naturales |
| -- | Minambiente |
| Fecha de publicación, distribución, etc. | 2002 |
| 300 ## - DESCRIPCION FISICA | |
| Extensión | 84 p. |
| 942 ## - ELEMENTOS ADICIONALES (KOHA) | |
| Tipo de ítem | Impreso |
| Sistema de clasificación | Local |
| 945 ## - PROCESAMIENTO LOCAL | |
| AAAA-MM-DD - Fecha de ingreso o modificacion | 2003-12-03 |
No hay ítems disponibles.